| 000 | 00507cam a2200205ua 4500 | ||
|---|---|---|---|
| 041 |
_aeng _h |
||
| 082 |
_a620.1 _bJUN/EL |
||
| 100 | _aJunnarkar, S B. | ||
| 245 |
_aElements of applied mechanics / _cS B Junnarkar. _hTextual Documents |
||
| 250 |
_a4 / _b. |
||
| 260 |
_aAnand : _bCharotar publishing house , _c1965. |
||
| 300 | _a483 ; . | ||
| 504 | _a | ||
| 650 | _aApplied mechanics | ||
| 942 | _cBK | ||
| 999 |
_c196 _d196 |
||